000 00410nam a2200181Ia 4500
001 894
005 20260306140551.0
008 260306t2001||||xx |||||||||||||| ||spa||
041 _aESP
082 _a172
_bR29
100 _aRaz, Joseph
_eAUT
245 0 _aLa ética en el ámbito público
260 _c2001
300 _a442 páginas :
_ccm.
650 _aGEN
654 _aCHU
942 _cLIB
_dJUS
_fJUS
_2ddc
_n
999 _c894
_d894